Claiming the gift of peace / (Record no. 5924)

MARC details
000 -LEADER
fixed length control field 00500nam a22001817a 4500
003 - CONTROL NUMBER IDENTIFIER
control field GBCCL
005 - DATE AND TIME OF LATEST TRANSACTION
control field 20241126110552.0
008 - FIXED-LENGTH DATA ELEMENTS--GENERAL INFORMATION
fixed length control field 180418b ||||| |||| 00| 0 eng d
040 ## - CATALOGING SOURCE
Transcribing agency gbc
082 ## - DEWEY DECIMAL CLASSIFICATION NUMBER
Classification number 248
Item number ZWE
100 ## - MAIN ENTRY--PERSONAL NAME
Personal name Zwemer, Ann
9 (RLIN) 10725
245 ## - TITLE STATEMENT
Title Claiming the gift of peace /
Statement of responsibility, etc. Ann Zwemer
260 ## - PUBLICATION, DISTRIBUTION, ETC.
Place of publication, distribution, etc. South Holland:
Name of publisher, distributor, etc. Reformed Church,
Date of publication, distribution, etc. 1986
300 ## - PHYSICAL DESCRIPTION
Extent 105 p.;
Other physical details ill.;
Dimensions 21 cm.
650 ## - SUBJECT ADDED ENTRY--TOPICAL TERM
Topical term or geographic name entry element Christian life
9 (RLIN) 183
650 ## - SUBJECT ADDED ENTRY--TOPICAL TERM
Topical term or geographic name entry element Peace of mind
Form subdivision Religious aspects
9 (RLIN) 10726
942 ## - ADDED ENTRY ELEMENTS (KOHA)
Source of classification or shelving scheme Dewey Decimal Classification
Koha item type Books
Holdings
Withdrawn status Lost status Source of classification or shelving scheme Damaged status Not for loan Home library Current Library Shelving location Date acquired Total checkouts Full call number Barcode Date last seen Copy number Price effective from Koha item type
    Dewey Decimal Classification     GRACE BIBLE COLLEGE GRACE BIBLE COLLEGE Ministry & Mission 2018-04-18   248 ZWE 003024 2025-05-01 c.1 2018-04-18 Books
© Grace Bible College Library 2025